000 00463nam a2200169Ia 4500
008 140306s9999 xx 000 0 und d
020 _a9788175414891
041 _aeng
082 _a658.5
_bNAM/CO
100 _aNamita, Pandey
245 _aContainerisation, Logistics Management and Foreign Trade: Indian Perspective
260 _aNew Delhi
_bShipra Publications
_c2009
300 _a336
365 _bRs.795/-
700 _aNar, Singh
942 _2ddc
_cBK
999 _c187891
_d187891